000 00695nam a2200253 i 4500
001 C2-0293198
003 PPAK
005 20180728025117.0
008 090120s2008 my |||| ||||| | may d
020 _a9833092071
040 _aPPAK
_beng
_cPPAK
_erda
082 0 4 _a297.57
_223
090 0 0 _a297.57
_bNUR
_dBC
090 0 0 _a297.57
_bNUR
_dG
100 0 _aNurhafiz Abdullah,
_eauthor
245 1 0 _aAmalan mustajab dan murah rezeki
264 1 _aJohor Bahru, Johor :
_bPustaka Azhar ,
_c2008
300 _a162 pages ;
_c21 cm
336 _2rdacontent
_atext
337 _2rdamedia
_aunmediated
338 _2rdacarrier
_avolume
650 1 0 _aIslam - Custom and practices
942 _ddc
_cB
999 _c97967
_d97967